| 000 | 00960nam a2200277 a 4500 | ||
|---|---|---|---|
| 001 | 36231 | ||
| 003 | BD-RjUL | ||
| 005 | 20211209052445.0 | ||
| 008 | 140618s1968 e b b 001 0 eng d | ||
| 035 |
_a68-31592 _a(BD-RjUL)36328 |
||
| 040 |
_aDLC _cDLC _dBD-RjUL _beng |
||
| 041 | _aeng | ||
| 082 | _bEDP 1968 | ||
| 100 | 1 |
_aEdinger, Lewis J. _q(Lewis Joachim), _d1922-2008. _9110267 |
|
| 245 | 1 | 0 |
_aPolitics in Germany : _battitudes and processes / _cLewis J. Edinger. |
| 246 | 3 | 4 |
_aPolitics : _bGermany |
| 246 | 3 | 4 |
_aGermany : _bpolitics |
| 260 |
_aBoston : _bLittle, Brown, _cc1968. |
||
| 300 |
_axviii, 360 p. : _bmaps ; _c21 cm. |
||
| 500 | _aSecond ed. (c1977) published under title: Politics in West Germany. | ||
| 504 | _aIncludes bibliographical references and index. | ||
| 651 | 0 |
_aGermany (West) _xPolitics and government. _96529 |
|
| 830 | 0 |
_aLittle, Brown series in comparative politics _9110273 |
|
| 942 |
_2ddc _cBK |
||
| 999 |
_c36231 _d36231 |
||